000 00837nab a2200241u 4500
001 23981
003 HDC
007 c| |||a|c|aaaa
008 210320b20190718my ||||| |||| 00| 0 eng d
040 _aHDC
100 _aDr Wan Mohd Hirwani Wan Hussain /
_eAuthor
_920244
245 0 _aSocial media marketing lessons for growth /
_cDr Wan Mohd Hirwani Wan Hussain
336 _atext
_2rdacontent
337 _acomputer
_2rdamedia
338 _aonline resource
_2rdacarrier
650 _apharmaceutical industries
_94490
650 _aSocial media marketing
_920245
710 _aNEW STRAITS TIMES
856 _zRequest full-text at [email protected]
942 _2lcc
942 _cNEWS
942 _kNWSC 005301
999 _c21297
_d21297